| 000 | 00710nam a2200217Ia 4500 | ||
|---|---|---|---|
| 003 | GCL | ||
| 005 | 20240530104627.0 | ||
| 008 | 140319s9999 xx 000 0 ara d | ||
| 040 |
_aGCL / _cGCL |
||
| 082 | 0 | 4 |
_a962.048/ _bق/ج و _221 |
| 100 | 1 | _aجلال يحيى | |
| 245 | 1 | 0 |
_aالوفد المصرى 1919 - 1952 / _cجلال يحيى |
| 260 |
_aالقاهرة : _bالمكتب الجامعى الحديث ، _c1984 |
||
| 300 |
_a525 ص ؛ _c24سم |
||
| 490 |
_aالهيئة العامة للاستعلامات _v0 |
||
| 650 | 0 | 4 | _aالاحزاب السياسية |
| 650 | 0 | 4 | _aمصر - حزب الوفد |
| 650 | 0 | 4 | _aالدستور المصرى |
| 700 | 1 | _aخالد نعيم | |
| 942 |
_2ddc _cBK |
||
| 999 |
_c49318 _d49318 |
||